Paquetazo sigue golpeando: derechos económicos y sociales

Gorde:
Xehetasun bibliografikoak
Formatua: Liburua
Hizkuntza:Spanish
Etiketak: Etiketa erantsi
Etiketarik gabe, Izan zaitez lehena erregistro honi etiketa jartzen!

MARC

LEADER 00000nam a22000007a 4500
003 cru CIDCACS/IIS
005 20181101162235.0
007 ta
008 181101s1990 ho |||p|r||||||0| ||spa|d
999 |c 41875  |d 41875 
040 |c cru CIDCACS/IIS 
245 1 |a Paquetazo sigue golpeando:  |b derechos económicos y sociales 
300 |a página 13:  |b ilustración 
942 |2 ddc  |c PP 
773 0 |0 41867  |9 2378  |a Comité para la Defensa de los Derechos Humanos (Honduras)  |d Tegucigalpa; Honduras:  |o 18108  |t CODEH: